Statistiques concernant Disciplines ayant disparu des jeux olympiques

Cliquez ici pour prendre le quiz!

Statistiques générales

  • Ce quiz a été pris 30 fois
  • Le résultat moyen est 2 sur 10

Statistiques - réponses

Disciplines% Correct
Tir à la corde
48%
Cricket
34%
Polo
34%
Pelote basque
21%
Croquet
17%
Jeu de paume
14%
Crosse
7%
Jeu de raquette
3%
Motonautisme
3%
Roque
3%

Distribution des résultats

Percentile par nombre de réponses

% des personnes avec chaque résultat

Votre développement - résultats

Vous n’avez pas pris ce quiz